[Event "FRA-chT U20 0304"]
[Site "France"]
[Date "2004.05.01"]
[Round "9"]
[White "Coriat, Adrien"]
[Black "Firmin, Luc"]
[Result "1-0"]
[WhiteElo "1380"]
[BlackElo "1330"]
[PlyCount "51"]
[EventDate "2003.11.??"]
[EventType "team-tourn"]
[EventRounds "11"]
[EventCountry "FRA"]
[SourceTitle "EXT 2005"]
[Source "ChessBase"]
[SourceDate "2004.11.15"]
[SourceVersion "1"]
[SourceVersionDate "2004.11.15"]
[SourceQuality "1"]
[WhiteTeam "Clichy"]
[BlackTeam "Grasse"]
[WhiteTeamCountry "FRA"]
[BlackTeamCountry "FRA"]

1. e4 e6 2. d4 d5 3. e5 c5 4. Nf3 Qb6 5. Nc3 Nc6 6. Bb5 Bd7 7. Bxc6 Bxc6 8. Rb1 cxd4 9. Nxd4 Bc5 10. Be3 Ne7 11. 0-0 0-0 12. Nxc6 Nxc6 13. Na4 Qa5 14. Nxc5 Qxa2 15. b3 b6 16. Na4 Qa3 17. f4 Qe7 18. Ra1 Qd7 19. Qd2 d4 20. Rad1 Rfd8 21. c3 d3 22. Nb2 Na5 23. b4 Nb3 24. Qxd3 Qxd3 25. Rxd3 Rdc8 26. c4 1-0